| 000 | 00547cab a2200229 4500 | ||
|---|---|---|---|
| 001 | WB3235-26 | ||
| 008 | 090401t1996 xxu||||| |||| 00| 0 eng d | ||
| 035 | _a(Sirsi) u1428 | ||
| 041 | _aeng | ||
| 245 | _aNew houses, new danger | ||
| 260 | _c1996 | ||
| 350 | _a0 | ||
| 490 |
_aObserver _v15 September 1996, 10(1) |
||
| 520 | _aDiscusses the drawbacks of buying a new house. | ||
| 650 | _aBUILDMARK | ||
| 650 | _aHOUSING DEFECTS | ||
| 650 | _aHOUSING MARKET | ||
| 650 | _aNHBC | ||
| 690 | _aHOUSING | ||
| 942 | _n0 | ||
| 948 | _c04/03/1997 | ||
| 999 |
_c792 _d792 |
||